[Event "European Rapid 2016"]
[Site "Tallinn EST"]
[Date "2016.12.15"]
[Round "4.36"]
[White "Rogule, Laura"]
[Black "Meskovs, Nikita"]
[Result "0-1"]
[WhiteTitle "WGM"]
[BlackTitle "IM"]
[WhiteElo "2295"]
[BlackElo "2489"]
[WhiteFideId "11601876"]
[BlackFideId "11602740"]
[EventDate "2016.12.15"]

1. c4 Nf6 2. Nf3 e6 3. g3 b6 4. Bg2 Be7 5. O-O O-O 6. d4 Bb7 7. Re1 Na6 8. Ne5
Bxg2 9. Kxg2 c5 10. Nc3 Qc7 11. Nb5 Qb7+ 12. f3 d6 13. Nd3 cxd4 14. Nxd4 Rac8
15. Qa4 Nc5 16. Nxc5 bxc5 17. Nb5 a6 18. Nc3 d5 19. cxd5 exd5 20. Bg5 Rfd8 21.
Rad1 c4 22. Rd2 d4 23. Bxf6 gxf6 24. Ne4 f5 25. Nf2 Bb4 26. Red1 Bxd2 27. Rxd2
Qb5 28. Qc2 Qe5 29. Nh3 d3 30. Qd1 Kg7 31. exd3 Rxd3 32. Rxd3 cxd3 33. Qxd3
Qxb2+ 34. Nf2 Rc2 35. Qe3 Kg6 36. h4 h6 37. a4 Re2 38. Qa7 Kg7 39. Qc5 Qe5 40.
Qb6 Qe3 41. Qxe3 Rxe3 42. Nd1 Ra3 43. Kf2 Ra2+ 44. Ke3 Rxa4 45. Nc3 Ra3 46. Kd4
h5 0-1

[Event "European Rapid 2016"]
[Site "Tallinn EST"]
[Date "2016.12.15"]
[Round "4.37"]
[White "Potapov, Pavel"]
[Black "Picard, Romain"]
[Result "1-0"]
[WhiteTitle "GM"]
[BlackTitle "IM"]
[WhiteElo "2493"]
[BlackElo "2338"]
[WhiteFideId "4169786"]
[BlackFideId "627216"]
[EventDate "2016.12.15"]

1. e4 e5 2. Nf3 d6 3. d4 exd4 4. Nxd4 Nf6 5. Nc3 Be7 6. g3 a5 7. Bg2 a4 8. O-O
O-O 9. h3 Re8 10. Re1 Bf8 11. Be3 c6 12. f4 Qa5 13. a3 Nbd7 14. Bf2 Nb6 15. Qd3
Nfd7 16. b4 axb3 17. cxb3 Qa6 18. Qc2 Nc5 19. Bf1 Qa7 20. a4 Qb8 21. b4 Na6 22.
b5 cxb5 23. Ndxb5 Nd7 24. Nd5 Rd8 25. a5 Ndc5 26. Nb6 Be6 27. Nxa8 Qxa8 28. Nd4
Bd7 29. Kh2 Re8 30. Nb5 Bc6 31. Nc3 Nb4 32. Qb1 Nba6 33. Bc4 Qc8 34. Nd5 Qd7 35.
Ra2 Be7 36. Rd2 Bd8 37. Ra2 Rf8 38. Bd4 Kh8 39. Nb6 Bxb6 40. axb6 f6 41. Rd2 Qe7
42. Bd5 Qd7 43. Rde2 h6 44. Bxc6 Qxc6 45. e5 fxe5 46. fxe5 dxe5 47. Bxe5 Nd7 48.
Bd4 Nf6 49. Rf1 Nc5 50. Rc1 Nfd7 51. Bxc5 Nxc5 52. Qc2 Qf3 53. Rg1 Nd3 54. Rgg2
Rf6 55. Re8+ Kh7 56. Rd8 1-0

[Event "European Rapid 2016"]
[Site "Tallinn EST"]
[Date "2016.12.15"]
[Round "4.38"]
[White "Luukkonen, Tommi"]
[Black "Stocek, Jiri"]
[Result "0-1"]
[WhiteTitle "FM"]
[BlackTitle "GM"]
[WhiteElo "2333"]
[BlackElo "2546"]
[WhiteFideId "501808"]
[BlackFideId "304760"]
[EventDate "2016.12.15"]

1. d4 Nf6 2. c4 e6 3. Nc3 Bb4 4. Qc2 O-O 5. Bg5 h6 6. Bh4 c5 7. e3 cxd4 8. exd4
b6 9. Bd3 Bb7 10. Ne2 Nc6 11. O-O-O Be7 12. a3 Rc8 13. Bxf6 Bxf6 14. Bh7+ Kh8
15. Be4 Ba6 16. d5 Na5 17. dxe6 fxe6 18. Kb1 Nxc4 19. Nf4 Nxa3+ 0-1

[Event "European Rapid 2016"]
[Site "Tallinn EST"]
[Date "2016.12.15"]
[Round "4.39"]
[White "Kozul, Zdenko"]
[Black "Chernyak, Viktoria"]
[Result "1-0"]
[WhiteTitle "GM"]
[BlackTitle "WFM"]
[WhiteElo "2613"]
[BlackElo "2237"]
[WhiteFideId "14502879"]
[BlackFideId "24165956"]
[EventDate "2016.12.15"]

1. d4 Nf6 2. c4 e6 3. g3 d5 4. Bg2 Be7 5. Nf3 O-O 6. O-O b6 7. cxd5 exd5 8. Nc3
Bb7 9. Bg5 Nbd7 10. Qb3 h6 11. Bxf6 Nxf6 12. Ne5 Rc8 13. Rad1 a6 14. e3 Qd6 15.
Nd3 Ne4 16. Nf4 Nxc3 17. bxc3 Rcd8 18. a4 Bc6 19. c4 dxc4 20. Qxc4 Bxg2 21. Kxg2
Bg5 22. Ne2 Rfe8 23. Nc3 Bf6 24. Kg1 c5 25. dxc5 Qxc5 26. Qxc5 bxc5 27. Rxd8
Bxd8 28. Rc1 Ba5 29. Nd5 Bb4 30. Rd1 a5 31. Nb6 Rb8 32. Nc4 Rb7 33. Rd5 Rc7 34.
h4 Kf8 35. h5 Ke7 36. Rd6 Rd7 37. Ra6 Rd1+ 38. Kg2 Rc1 39. Nxa5 Bxa5 40. Rxa5 c4
41. Rc5 c3 42. Kf3 c2 43. g4 Ke6 44. a5 Ra1 45. Rxc2 Rxa5 46. Rc6+ Ke7 47. Kf4
Ra4+ 48. e4 Ra2 49. f3 Ra3 50. e5 Rb3 51. Ke4 Rb4+ 52. Kf5 Rb3 53. f4 Rb1 54.
Rc7+ Ke8 55. Rc8+ Ke7 56. Rg8 Rb6 57. g5 hxg5 58. fxg5 Rb1 59. Rxg7 Kf8 60. h6
Rf1+ 61. Kg4 Rg1+ 62. Kf3 Rf1+ 63. Kg3 Re1 64. g6 fxg6 65. Rxg6 Kf7 66. Rf6+ Ke7
67. Kf4 Rf1+ 68. Kg5 Rg1+ 69. Kf5 Rf1+ 70. Kg6 Rg1+ 71. Kh7 Rg5 72. Rg6 Rxe5 73.
Kg7 Rf5 74. h7 Rf7+ 75. Kh6 Rf1 76. h8=Q 1-0

[Event "European Rapid 2016"]
[Site "Tallinn EST"]
[Date "2016.12.15"]
[Round "4.40"]
[White "Polyakov, Fedor"]
[Black "Jankovic, Alojzije"]
[Result "0-1"]
[BlackTitle "GM"]
[WhiteElo "2042"]
[BlackElo "2591"]
[WhiteFideId "11602953"]
[BlackFideId "14505959"]
[EventDate "2016.12.15"]

1. d4 Nf6 2. c4 d6 3. Nc3 e5 4. dxe5 dxe5 5. Qxd8+ Kxd8 6. Bg5 c6 7. Nf3 Nd7 8.
O-O-O Kc7 9. Bxf6 gxf6 10. e3 a5 11. Bd3 Nc5 12. Bc2 a4 13. b4 axb3 14. axb3 Ra6
15. Kb2 Rb6 16. Ra1 h5 17. Na4 Nxa4+ 18. Rxa4 Be7 19. Nh4 Rg8 20. g3 Bg4 21. Bf5
Rd8 22. Bxg4 hxg4 23. Kc3 e4 24. Kc2 Bb4 25. Rd1 Rxd1 26. Kxd1 Bc3 27. Kc2 Be1
28. c5 Rb5 29. Rxe4 Rxc5+ 30. Kd3 Rb5 31. Ke2 Bc3 32. Re7+ Kb6 33. Kd3 Rxb3 34.
Kc2 Ra3 35. Rxf7 Ka6 36. Rg7 b5 37. Rxg4 b4 38. Nf3 Ra2+ 39. Kd3 Rxf2 40. Nd4 c5
41. Nb3 Kb5 42. Rc4 Rf5 43. Rh4 Rd5+ 44. Kc2 c4 45. Nd4+ Bxd4 46. exd4 Rf5 47.
Rf4 Rxf4 48. gxf4 b3+ 49. Kc3 Ka4 50. d5 Ka3 51. d6 b2 52. d7 b1=Q 53. d8=Q Qc1+
54. Kd4 0-1

[Event "European Rapid 2016"]
[Site "Tallinn EST"]
[Date "2016.12.15"]
[Round "5.2"]
[White "Kobalia, Mikhail"]
[Black "Wojtaszek, Radoslaw"]
[Result "1/2-1/2"]
[WhiteTitle "GM"]
[BlackTitle "GM"]
[WhiteElo "2628"]
[BlackElo "2749"]
[WhiteFideId "4119150"]
[BlackFideId "1118358"]
[EventDate "2016.12.15"]

1. e4 c5 2. Nf3 d6 3. Bb5+ Nd7 4. O-O a6 5. Bd3 Ngf6 6. c3 b5 7. Bc2 Bb7 8. Qe2
e6 9. d4 Be7 10. Re1 Qb6 11. Nbd2 cxd4 12. cxd4 O-O 13. Nf1 Rfc8 14. Ng3 Nf8 15.
Bd3 b4 16. Be3 Ng4 17. Bd2 a5 18. Rec1 Nf6 19. Qe1 Rxc1 20. Rxc1 Ba6 21. Bxa6
Qxa6 22. h3 Qb7 23. Qe2 h6 24. Be1 b3 25. a4 d5 26. e5 N6d7 27. Qd3 Rb8 28. Bxa5
Ra8 29. Qd2 Nb6 30. Bxb6 Qxb6 31. Ra1 Nd7 32. Qd3 Qb4 33. Ra3 Rb8 34. Nd2 Qa5
35. Rxb3 Qxa4 36. Rxb8+ Nxb8 37. Qb3 Qa1+ 38. Kh2 Nc6 39. Qb7 Qc1 40. Nf3 Bf8
41. Qb3 Nb4 42. Qc3 Qd1 43. Qe1 Qc2 44. Qd2 Qxd2 45. Nxd2 Nd3 46. Kg1 Bb4 47.
Nf3 Nxb2 48. Kf1 Nc4 49. Ke2 f6 50. exf6 gxf6 51. Ne1 Bd6 52. Nf1 Na3 53. Ne3
Nb5 54. Kd3 Kf7 55. g3 Bb4 56. N1c2 Ba5 57. f4 Nc3 58. g4 Ke7 59. Na1 Ne4 60.
Ke2 Bc7 61. f5 Bf4 62. fxe6 Kxe6 63. Nf5 Nd6 64. Nxd6 Bxd6 65. Nc2 f5 66. Kf3
fxg4+ 67. Kxg4 Be7 1/2-1/2

[Event "European Rapid 2016"]
[Site "Tallinn EST"]
[Date "2016.12.15"]
[Round "5.4"]
[White "Grigoriants, Sergey"]
[Black "Mamedov, Rauf"]
[Result "0-1"]
[WhiteTitle "GM"]
[BlackTitle "GM"]
[WhiteElo "2563"]
[BlackElo "2688"]
[WhiteFideId "4130804"]
[BlackFideId "13401653"]
[EventDate "2016.12.15"]

1. e4 c5 2. Nf3 Nc6 3. Bb5 g6 4. Bxc6 bxc6 5. O-O Bg7 6. Re1 Nh6 7. d4 cxd4 8.
Nxd4 O-O 9. Nc3 f6 10. Be3 Nf7 11. f4 c5 12. Nde2 d6 13. Qd3 Rb8 14. b3 f5 15.
Rad1 fxe4 16. Nxe4 Bb7 17. N2g3 Qc8 18. Bd2 d5 19. Nf2 e5 20. fxe5 Nxe5 21. Qe2
Qc6 22. Ng4 Rbe8 23. Nxe5 Rxe5 24. Qg4 d4 25. Nf1 Ref5 26. Re2 Ba6 27. Ree1 Rf2
28. Bg5 h5 29. Qg3 Rxc2 30. Nd2 Rc3 31. Qh4 Bb7 32. Re2 d3 33. Re4 Rc2 0-1

[Event "European Rapid 2016"]
[Site "Tallinn EST"]
[Date "2016.12.15"]
[Round "5.5"]
[White "Sychev, Klementy"]
[Black "Shirov, Alexei"]
[Result "0-1"]
[WhiteTitle "IM"]
[BlackTitle "GM"]
[WhiteElo "2453"]
[BlackElo "2673"]
[WhiteFideId "4114060"]
[BlackFideId "2209390"]
[EventDate "2016.12.15"]

1. e4 e5 2. Nf3 Nc6 3. Bb5 a6 4. Ba4 Nf6 5. O-O b5 6. Bb3 Bc5 7. a4 Rb8 8. axb5
axb5 9. c3 d6 10. d4 Bb6 11. Na3 O-O 12. Nxb5 Bg4 13. Bc2 Bxf3 14. gxf3 Nh5 15.
f4 Nxf4 16. Bxf4 exf4 17. Kh1 Qh4 18. Qf3 Nd8 19. Rg1 Ne6 20. Bd3 g6 21. Rg2 c5
22. d5 Ng5 23. Qg4 Qxg4 24. Rxg4 Nh3 25. Kg2 h5 26. Rh4 Nxf2 27. Kxf2 c4+ 28.
Ke2 cxd3+ 29. Kxd3 Bf2 0-1

[Event "European Rapid 2016"]
[Site "Tallinn EST"]
[Date "2016.12.15"]
[Round "5.6"]
[White "Zakhartsov, Vladimir"]
[Black "Halkias, Stelios"]
[Result "1/2-1/2"]
[WhiteTitle "IM"]
[BlackTitle "GM"]
[WhiteElo "2453"]
[BlackElo "2585"]
[WhiteFideId "4145097"]
[BlackFideId "4201809"]
[EventDate "2016.12.15"]

1. e4 e5 2. Nf3 Nc6 3. Bb5 a6 4. Ba4 Nf6 5. O-O Be7 6. Bxc6 dxc6 7. d3 Nd7 8. b3
c5 9. Bb2 f6 10. Nh4 O-O 11. Nf5 Nb8 12. Nxe7+ Qxe7 13. f4 exf4 14. Rxf4 Nc6 15.
Nc3 Be6 16. Ne2 Rad8 17. Qf1 Nb4 18. Qc1 b6 19. Rf2 a5 20. Nf4 a4 21. Qe3 Nc6
22. Qg3 Bf7 23. Raf1 axb3 24. axb3 Nd4 25. Ne2 Kh8 26. Nxd4 cxd4 27. Ra1 c5 28.
Rff1 Ra8 29. h3 Be6 30. Kh2 Kg8 31. Rxa8 1/2-1/2

[Event "European Rapid 2016"]
[Site "Tallinn EST"]
[Date "2016.12.15"]
[Round "5.7"]
[White "Fridman, Daniel"]
[Black "Ruck, Robert"]
[Result "1/2-1/2"]
[WhiteTitle "GM"]
[BlackTitle "GM"]
[WhiteElo "2596"]
[BlackElo "2561"]
[WhiteFideId "11600454"]
[BlackFideId "705713"]
[EventDate "2016.12.15"]

1. Nf3 Nf6 2. c4 c5 3. d4 cxd4 4. Nxd4 e6 5. g3 Qb6 6. e3 Nc6 7. Bg2 Bc5 8. Nb3
Bb4+ 9. Bd2 Ne5 10. Qe2 d5 11. cxd5 exd5 12. O-O Bg4 13. f3 Bf5 14. Bxb4 Qxb4
15. Rd1 O-O 16. Nc3 Rad8 17. Rd4 Qe7 18. Rad1 Be6 19. Qf2 Rfe8 20. h3 h6 21. f4
Nc6 22. R4d2 Ne4 23. Nxe4 dxe4 24. Rxd8 Rxd8 25. Rxd8+ Qxd8 26. Bxe4 Bxb3 27.
axb3 Qd1+ 28. Kg2 Qxb3 29. Qd2 Qe6 30. Bf3 Qe7 31. Kf2 1/2-1/2

[Event "European Rapid 2016"]
[Site "Tallinn EST"]
[Date "2016.12.15"]
[Round "5.8"]
[White "Rakhmanov, Aleksandr"]
[Black "Jussupow, Artur"]
[Result "1-0"]
[WhiteTitle "GM"]
[BlackTitle "GM"]
[WhiteElo "2667"]
[BlackElo "2585"]
[WhiteFideId "4173708"]
[BlackFideId "4618777"]
[EventDate "2016.12.15"]

1. c4 e5 2. Nf3 e4 3. Nd4 Nc6 4. Nxc6 dxc6 5. e3 Bd6 6. Nc3 Nf6 7. h3 h5 8. Qc2
Qe7 9. b3 Bf5 10. Bb2 Bg6 11. O-O-O O-O-O 12. d4 Qd7 13. a3 Qf5 14. b4 a6 15.
Rd2 h4 16. Qa4 Rh5 17. b5 axb5 18. cxb5 Kd7 19. bxc6+ bxc6 20. d5 Ke7 21. dxc6
Qa5 22. Qxa5 Rxa5 23. Nb5 Ne8 24. Be2 f6 25. Bc3 Raa8 26. Nxd6 Nxd6 27. Bb4 Be8
28. Rhd1 Bxc6 29. Rc2 Ba4 30. Rxc7+ Ke6 31. Rd4 f5 32. Rxg7 Rac8+ 33. Kb1 Nb5
34. Rxd8 Rxd8 35. Rb7 Nxa3+ 36. Bxa3 Bd1 37. Bc4+ Ke5 38. Be7 1-0

[Event "European Rapid 2016"]
[Site "Tallinn EST"]
[Date "2016.12.15"]
[Round "5.9"]
[White "Andriasian, Zaven"]
[Black "Plat, Vojtech"]
[Result "1/2-1/2"]
[WhiteTitle "GM"]
[BlackTitle "IM"]
[WhiteElo "2621"]
[BlackElo "2532"]
[WhiteFideId "13302000"]
[BlackFideId "325740"]
[EventDate "2016.12.15"]

1. e4 d6 2. d4 Nf6 3. Nc3 e5 4. Nf3 Nbd7 5. g3 Be7 6. Bg2 O-O 7. O-O c6 8. a4 a5
9. Re1 Re8 10. b3 Bf8 11. Bb2 exd4 12. Nxd4 Nc5 13. Qd2 g6 14. h3 Bg7 15. Rad1
Qb6 16. Kh2 Bd7 17. f4 Qc7 18. Ba3 Bf8 19. Qf2 Rad8 20. Bxc5 dxc5 21. Nde2 Nh5
22. e5 f5 23. Nb1 Be6 24. Nd2 b5 25. Nf3 h6 26. Nh4 Kh7 27. g4 Ng7 28. gxf5 Nxf5
29. Nxf5 gxf5 30. Ng3 Be7 31. Nh5 Bf7 32. Bf3 Rg8 33. Rxd8 Qxd8 34. Rd1 Qc7 35.
Rg1 Rxg1 36. Qxg1 Bg6 37. c4 bxc4 38. bxc4 Qd8 39. Qe3 Bxh5 40. Bxh5 Qd4 41.
Qxd4 cxd4 42. Kg3 c5 43. h4 d3 44. Bf3 Kg7 45. h5 d2 46. Bd1 1/2-1/2

[Event "European Rapid 2016"]
[Site "Tallinn EST"]
[Date "2016.12.15"]
[Round "5.10"]
[White "Riazantsev, Alexander"]
[Black "Loginov, Valery A"]
[Result "1/2-1/2"]
[WhiteTitle "GM"]
[BlackTitle "GM"]
[WhiteElo "2671"]
[BlackElo "2486"]
[WhiteFideId "4125029"]
[BlackFideId "4126297"]
[EventDate "2016.12.15"]

1. d4 Nf6 2. c4 e6 3. Nf3 Bb4+ 4. Bd2 Qe7 5. g3 Nc6 6. Nc3 O-O 7. Bg2 Bxc3 8.
Bxc3 Ne4 9. Rc1 d6 10. O-O f5 11. Be1 e5 12. d5 Nb8 13. b4 Nd7 14. Nd2 Nxd2 15.
Bxd2 f4 16. c5 g5 17. cxd6 cxd6 18. Rc7 Qd8 19. Qc2 Nf6 20. Rc1 Bg4 21. h3 Bd7
22. Rxb7 Rf7 23. Qd3 a6 24. a4 Bxa4 25. Rxf7 Kxf7 26. Qf5 Bd7 27. Qxg5 Qb6 28.
gxf4 Rg8 29. Qh4 Qd4 30. Rc7 Qxd2 31. fxe5 dxe5 32. Kh2 Qf4+ 33. Qxf4 exf4 34.
Rc4 Re8 35. Bf3 Bb5 36. Rxf4 Bxe2 37. d6 Bxf3 38. Rxf3 Rd8 39. Rd3 Ke6 40. Re3+
Kxd6 41. Ra3 Ra8 42. Ra5 Ne4 43. b5 Nxf2 44. Rxa6+ Rxa6 45. bxa6 Kc6 46. Kg3 1/2-1/2

[Event "European Rapid 2016"]
[Site "Tallinn EST"]
[Date "2016.12.15"]
[Round "5.11"]
[White "Meskovs, Nikita"]
[Black "Kovalenko, Igor"]
[Result "1/2-1/2"]
[WhiteTitle "IM"]
[BlackTitle "GM"]
[WhiteElo "2489"]
[BlackElo "2684"]
[WhiteFideId "11602740"]
[BlackFideId "14117908"]
[EventDate "2016.12.15"]

1. d4 Nf6 2. c4 e6 3. Nf3 b6 4. g3 Ba6 5. Qa4 Be7 6. Bg2 O-O 7. Ne5 c6 8. Nc3
Bb7 9. O-O Qc7 10. Bf4 d6 11. Nd3 Nh5 12. Bd2 Nd7 13. e4 e5 14. d5 Nhf6 15. Nb4
c5 16. Nc6 Nb8 17. Nxe7+ Qxe7 18. f4 Nbd7 19. Qd1 a6 20. a4 exf4 21. gxf4 Rae8
22. Qf3 Qd8 23. Rae1 Kh8 24. Re2 Bc8 25. Be1 Ng8 26. Bg3 Nh6 27. Rfe1 f6 28. Bh3
Nb8 29. Qh5 Bxh3 30. Qxh3 Qd7 31. Qg2 Nf7 32. b3 Qg4 33. Nd1 Nd7 34. Nf2 Qh5 35.
Nd3 Re7 36. Re3 Rg8 37. Bf2 g5 38. Rh3 Qg6 39. Rg3 Rge8 40. Rge3 gxf4 41. Nxf4
Qxg2+ 42. Kxg2 Ng5 43. Bg3 Rxe4 44. Rxe4 Rxe4 45. Ra1 Re3 46. a5 Rxb3 47. Nh5
Rb2+ 48. Kh1 Ne4 49. axb6 Nxb6 50. Rxa6 Kg8 51. Ra7 Nxc4 52. Bf4 Ne5 53. Bh6 Rb4
54. Rg7+ Kf8 55. Nf4 Ke8 56. Ne6 f5 57. Rxh7 c4 58. Bf8 Ng6 59. Bh6 c3 60. Rc7
Ne7 61. Ng7+ Kf7 62. Nxf5 Kg6 63. Nxe7+ Kxh6 64. Nf5+ Kg5 65. Nxd6 Nxd6 66. Rxc3
Rb2 67. Kg1 Kf4 68. h3 Rd2 69. Ra3 Ne4 70. Kf1 Rxd5 71. Ke2 Rd2+ 72. Ke1 Rh2 73.
Kd1 Ke5 74. Ke1 Nd6 75. Ra5+ Kd4 76. Ra3 Nc4 77. Rf3 Ne5 78. Rg3 Ke4 79. Kd1 Nf3
80. Rg8 Kd3 81. Rd8+ Nd4 82. Ke1 Rxh3 83. Kf2 Rf3+ 84. Kg2 Rf6 85. Kg3 Ke3 86.
Re8+ Ne6 87. Kg4 Ke4 88. Kg3 Rg6+ 89. Kf2 Rh6 90. Kg3 Rf6 91. Re7 Rg6+ 92. Kf2
Kd5 93. Ke3 Rg3+ 94. Kf2 Rb3 95. Re8 Nc5 96. Rd8+ Ke5 97. Re8+ Ne6 98. Ke2 Ra3
99. Kd2 Kd5 100. Ke2 Nf4+ 101. Kf2 Kd4 102. Re7 Nd3+ 103. Ke2 Ra2+ 104. Kf3 Ne5+
105. Kg3 Ra3+ 106. Kg2 Ke4 107. Re8 Ra2+ 108. Kg3 Rb2 109. Re7 Rb3+ 110. Kf2 Kf4
111. Ke2 Rb2+ 112. Kd1 Ke4 113. Re8 Rh2 114. Kc1 Kd4 115. Rd8+ Kc3 116. Kd1 Nf3
117. Rc8+ Kd3 118. Kc1 Nd4 119. Kb1 Rd2 120. Rd8 Rf2 121. Kc1 Rg2 122. Kb1 Kc3
123. Rc8+ Kb4 124. Kc1 Nb3+ 125. Kd1 Nc5 126. Ke1 Kc4 127. Rd8 Ne4 128. Kf1 Rb2
129. Ke1 Nc3 130. Kf1 Nd5 131. Ke1 Kd4 132. Kf1 Ke4 133. Re8+ Kf3 134. Rf8+ Ke3
135. Re8+ Kf3 136. Rf8+ Nf4 137. Ke1 1/2-1/2

[Event "European Rapid 2016"]
[Site "Tallinn EST"]
[Date "2016.12.15"]
[Round "5.13"]
[White "Stocek, Jiri"]
[Black "Vallejo Pons, Francisco"]
[Result "0-1"]
[WhiteTitle "GM"]
[BlackTitle "GM"]
[WhiteElo "2546"]
[BlackElo "2711"]
[WhiteFideId "304760"]
[BlackFideId "2205530"]
[EventDate "2016.12.15"]

1. d4 e6 2. e4 d5 3. Nc3 Bb4 4. e5 Ne7 5. Nf3 b6 6. Bd2 c5 7. Nb5 Bxd2+ 8. Qxd2
O-O 9. c3 Ba6 10. a4 Nbc6 11. b4 Nf5 12. Bd3 Nh4 13. Nxh4 Qxh4 14. O-O cxd4 15.
g3 Qh6 16. Qe1 f6 17. exf6 Qxf6 18. cxd4 Nxd4 19. f4 Bxb5 20. axb5 e5 21. Rd1 e4
22. Be2 Rad8 23. Bg4 Nxb5 24. Rc1 Rfe8 25. Rf2 d4 26. Rfc2 0-1

[Event "European Rapid 2016"]
[Site "Tallinn EST"]
[Date "2016.12.15"]
[Round "5.14"]
[White "Jankovic, Alojzije"]
[Black "Alekseev, Evgeny"]
[Result "1/2-1/2"]
[WhiteTitle "GM"]
[BlackTitle "GM"]
[WhiteElo "2591"]
[BlackElo "2632"]
[WhiteFideId "14505959"]
[BlackFideId "4138147"]
[EventDate "2016.12.15"]

1. d4 Nf6 2. Nf3 e6 3. c4 d5 4. Nc3 Bb4 5. cxd5 exd5 6. Bg5 Nbd7 7. e3 c5 8. Bd3
c4 9. Bf5 Qa5 10. Qc2 O-O 11. O-O Re8 12. Nd2 g6 13. Bxd7 Nxd7 14. f3 Bf8 15. a3
Nb6 16. b4 cxb3 17. Nxb3 Qa6 18. Nc5 Qc4 19. Rfc1 h6 20. Bf6 Nd7 21. Nxd7 Bxd7
22. Be5 Bg7 23. Qd2 Qc6 24. e4 dxe4 25. Nxe4 Qe6 26. Bxg7 Kxg7 27. Qb2 Qb6 28.
Qxb6 axb6 29. Rc7 Red8 30. Rxb7 Bc6 31. Rxb6 Bxe4 32. fxe4 Rxd4 33. e5 Re4 34.
Rb5 Ra7 35. Rf1 1/2-1/2

[Event "European Rapid 2016"]
[Site "Tallinn EST"]
[Date "2016.12.15"]
[Round "5.15"]
[White "Pultinevicius, Paulius"]
[Black "Bartel, Mateusz"]
[Result "0-1"]
[BlackTitle "GM"]
[WhiteElo "2417"]
[BlackElo "2641"]
[WhiteFideId "12809390"]
[BlackFideId "1112635"]
[EventDate "2016.12.15"]

1. Nf3 d5 2. g3 c6 3. Bg2 g6 4. O-O Bg7 5. d3 e5 6. e4 Ne7 7. Qe2 O-O 8. Nbd2
Nd7 9. a4 a5 10. b3 b6 11. Re1 Ba6 12. Bb2 d4 13. Nc4 Qc7 14. Ba3 c5 15. Bc1 b5
16. axb5 Bxb5 17. Bd2 Nc6 18. Na3 Ba6 19. Nh4 Bf6 20. Qg4 h5 21. Qe2 Qd8 22. Bh3
Nb6 23. Ng2 a4 24. f4 axb3 25. cxb3 Nb4 26. Nc4 Nc2 27. Ba5 Nxa1 28. Bxb6 Qb8
29. Rxa1 Bxc4 30. Rxa8 Qxa8 31. bxc4 Rb8 32. Bxc5 Qa1+ 33. Ne1 Rb2 34. Qf1 Rb1
35. Kf2 Qa2+ 36. Kf3 Qa5 37. Bd6 Rxe1 38. Qf2 Re3+ 39. Kg2 Rxd3 40. Kg1 exf4 41.
Qxf4 Bg5 42. Qf1 Be3+ 43. Kh1 Rc3 44. Qf6 Rc1+ 45. Bf1 Bg5 46. Qf2 d3 47. h4 d2 0-1

[Event "European Rapid 2016"]
[Site "Tallinn EST"]
[Date "2016.12.15"]
[Round "5.16"]
[White "Ponkratov, Pavel"]
[Black "Kozul, Zdenko"]
[Result "1-0"]
[WhiteTitle "GM"]
[BlackTitle "GM"]
[WhiteElo "2607"]
[BlackElo "2613"]
[WhiteFideId "4157800"]
[BlackFideId "14502879"]
[EventDate "2016.12.15"]

1. Nf3 Nf6 2. c4 g6 3. Nc3 Bg7 4. g3 c6 5. e4 d5 6. e5 Ne4 7. d4 Nxc3 8. bxc3
O-O 9. h4 h5 10. Be2 dxc4 11. Bxc4 Bg4 12. Qd3 c5 13. Qxg6 Qb6 14. Qxb6 axb6 15.
Ng5 cxd4 16. cxd4 Nc6 17. Be3 e6 18. f3 Bf5 19. g4 hxg4 20. fxg4 Bxg4 21. Rg1
Bh5 22. Nh3 Kh8 23. Rg5 Bg6 24. h5 Bh7 25. Rg3 Rfd8 26. Ng5 Rd7 27. Rd1 Bf5 28.
Rd2 Bf8 29. d5 Bb4 30. dxc6 bxc6 31. Nf3 b5 32. Bb3 c5 33. Bxc5 Bxd2+ 34. Nxd2
Rd3 35. Rxd3 Bxd3 36. Kf2 Rg8 37. Be3 Rg4 38. Nf3 Kg8 39. h6 Bf5 40. Nd4 Bd3 41.
Nxe6 Bc4 42. Nd4 Re4 43. Nf3 Bxb3 44. axb3 Rg4 45. Nd4 b4 46. Kf3 Rh4 47. Nf5
Rh1 48. Ke4 Rb1 49. Nd4 Rd1 50. Kd5 Kh7 51. Kc4 Re1 52. Nc2 Re2 53. Kd3 Rh2 54.
Nxb4 Kg6 55. Nc6 Kf5 56. b4 Ke6 57. b5 Kd5 58. Nd4 Rb2 59. Kc3 Rb1 60. Nb3 Rh1
61. b6 Kc6 62. Na5+ Kd7 63. b7 Kc7 64. Ba7 1-0

[Event "European Rapid 2016"]
[Site "Tallinn EST"]
[Date "2016.12.15"]
[Round "5.17"]
[White "Potkin, Vladimir"]
[Black "Kanep, Meelis"]
[Result "1/2-1/2"]
[WhiteTitle "GM"]
[BlackTitle "GM"]
[WhiteElo "2597"]
[BlackElo "2485"]
[WhiteFideId "4131061"]
[BlackFideId "4501047"]
[EventDate "2016.12.15"]

1. c4 Nf6 2. Nc3 g6 3. e4 d6 4. d4 Bg7 5. Nf3 O-O 6. Be2 e5 7. O-O exd4 8. Nxd4
Re8 9. f3 Nc6 10. Nc2 Nh5 11. f4 Bxc3 12. bxc3 Nf6 13. f5 Nxe4 14. Bf3 Bxf5 15.
Ne3 Bd7 16. Nd5 f5 17. Bh6 Re6 18. Bxe4 Rxe4 19. Qd2 Re5 20. Bg5 Qc8 21. Bf6 Re6
22. Qg5 Re4 23. Rae1 Rxe1 24. Rxe1 Qf8 25. Ne7+ Nxe7 26. Rxe7 Bc6 27. Qh4 h5 28.
Qg5 Be8 29. Rg7+ Qxg7 30. Bxg7 Kxg7 31. Qe7+ Kg8 32. Qxc7 Bc6 33. Qxd6 Kf7 34.
Qc7+ Kf6 35. Kf2 Re8 36. g3 a6 37. a4 Re7 38. Qd6+ Kf7 39. a5 Re6 40. Qc7+ Re7
41. Qb8 Re8 42. Qd6 Re6 43. Qd4 Re8 44. h3 Re4 45. Qd3 Re7 46. c5 Re4 47. c4 Re7
48. Qd2 Re4 49. Qc3 Re8 50. g4 hxg4 51. hxg4 fxg4 52. Kg3 Re4 53. Qd3 g5 54. Qd8
Kg6 55. Qg8+ Kf6 56. Qf8+ Kg6 57. Qg8+ Kf6 1/2-1/2

[Event "European Rapid 2016"]
[Site "Tallinn EST"]
[Date "2016.12.15"]
[Round "5.18"]
[White "Pavlidis, Antonios"]
[Black "Zagorskis, Darius"]
[Result "1/2-1/2"]
[WhiteTitle "GM"]
[BlackTitle "GM"]
[WhiteElo "2532"]
[BlackElo "2469"]
[WhiteFideId "4212312"]
[BlackFideId "12800120"]
[EventDate "2016.12.15"]

1. e4 d6 2. d4 Nf6 3. Nc3 e5 4. Nf3 Nbd7 5. Bc4 Be7 6. O-O O-O 7. a4 c6 8. Re1
h6 9. Ba2 Re8 10. Nh4 exd4 11. Qxd4 Bf8 12. Ng6 d5 13. Nxf8 Nxf8 14. e5 N6d7 15.
f4 Qb6 16. Be3 Qxd4 17. Bxd4 Nb8 18. Ne2 Na6 19. Bf2 Nb4 20. Bb3 Bf5 21. Rac1
Nd7 22. a5 Bh7 23. Nd4 Nc5 24. Re2 Nxb3 25. Nxb3 Na6 26. g4 f5 27. h3 Rf8 28.
Bg3 c5 29. e6 Rfe8 30. Re5 Rad8 31. gxf5 b6 32. Bh4 Rd6 33. Kh2 Nb4 34. axb6
axb6 35. Rg1 Kf8 36. Rg2 Nc6 37. Nd2 Nd4 38. f6 gxf6 39. Bxf6 Rdxe6 40. Bg7+ Kf7
41. Rxd5 Re2 42. Bxd4 Rxg2+ 43. Kxg2 cxd4 44. Rd7+ Kg8 45. Rxd4 Bxc2 46. Kf2 Bf5
47. h4 Re6 48. Nc4 Rc6 49. Ne3 Be6 50. Kf3 Kg7 51. f5 Bf7 52. Kf4 Rc1 53. Rd7
Rh1 54. Kg3 Rg1+ 55. Kf3 Rh1 56. Rd4 Be8 57. Nc4 b5 58. Nd6 Bc6+ 59. Kg3 Kf6 60.
Rb4 Rg1+ 61. Kh3 Bd7 62. Kh2 Rd1 63. Nxb5 Bxf5 64. Nd4 Bg4 65. Kg3 h5 66. Rb6+
Ke5 67. Nc6+ Ke4 68. Rb4+ Ke3 69. Rb3+ Ke4 70. Rb4+ Ke3 71. Ne5 Be6 72. Nc4+ Ke2
73. Nb6 Ke3 74. Nc4+ Ke2 75. Ne5 Ke3 76. Ra4 Rg1+ 77. Kh2 Rb1 78. Kg3 Rg1+ 79.
Kh2 Rb1 80. Kg3 Rxb2 81. Nc4+ Bxc4 82. Rxc4 Rb1 83. Rc5 Rg1+ 84. Kh2 Rg8 85.
Rxh5 Kf4 86. Kh3 Rg3+ 87. Kh2 Rg8 1/2-1/2